000 00515nam a2200157Ia 4500
008 230907s9999||||xx |||||||||||||| ||und||
082 _a621.042
_bKAM
100 _aMuhammad Kamal Ahmad (00000171089)
_9116386
245 0 _aHigh frequency planar transformer for efficient renewable energy conversion /
260 _aUSPCAS-E, NUST,
_bIslamabad :
_c2018
300 _axiii, 43 p.
520 _aTH-103
650 _aMS-EEP Thesis MS Thesis
_9116387
700 _aDr Syed Ali Abbas Kazmi
_9117439
942 _cTHE
_2ddc
999 _c601782
_d601782